| 000 | 00421nam a22001577a 4500 | ||
|---|---|---|---|
| 005 | 20171211132623.0 | ||
| 008 | 171211b xxu||||| |||| 00| 0 eng d | ||
| 020 | _a0415907861 | ||
| 040 | _cPK-LaUMT | ||
| 082 |
_aPKAC 297.08996073 _bAMI-A |
||
| 100 | _aAminah Beverly McCloud | ||
| 245 |
_aAfrican American Islam/ _cAminah Beverly McCloud |
||
| 260 |
_aNew York: _bRoutledge, _c1995 |
||
| 300 | _a213 p. | ||
| 942 | _cBK | ||
| 999 |
_c100666 _d100666 |
||